Belgian pro league cult players - Statistics

General Stats
  • This quiz has been taken 24 times
  • The average score is 7 of 16
Answer Stats
Picture Answer % Correct
Alejandro Pozuelo
85%
Maxime Lestienne
80%
Ivan Santini
70%
Jan Ceulemans
65%
Hamdi Harbaoui
60%
Jeremy Perbet
55%
Moises Caicedo
55%
Victor Valdés
50%
William Dutoit
35%
Johan Boskamp
30%
Milan Jovanovic
30%
Brian Hamalainen
25%
Patrick Goots
25%
Branko Strupar
20%
Mbo Mpenza
10%
Bjorn Ruytinx
5%
No matching quizzes found
Score Distribution
Percent of People with Each Score
Percentile by Number Answered
Your Score History
You have not taken this quiz